00302nam a2200121Ia 4500008004100000020001800041041000800059082002100067100001500088245004200103260002600145300000900171230519s9999 xx 000 0 und d a1-55664-557-0 aeng a616.1/GRA/DB0540 aGrauer Ken aPractical Guide to ECG Interpretation bMosbyaSt Louisc1998 a492p